000
00285nam a2200121Ia 4500
100
_a
#N/A
650
_a
Computer/ IT
942
_c
BK
654
_a
RC 1; DIGIT; braid demo; linux mint 7; gloria
245
_a
RC 1; Braid demo; Linux Mint 7 Gloria
260
_b
#N/A
546
_a
ENGLISH
999
_c
26341
_d
26341